Les métamorphoses divines d'Alexandre /

محفوظ في:

المؤلف الرئيسي: Antonovich, François, 1934- (مؤلف)

التنسيق: كتاب

اللغة: French

منشور في: Boulogne, Paris : Mouseion-éditions, 1996.

الموضوعات:

الوسوم: إضافة وسم

لا توجد وسوم, كن أول من يضع وسما على هذه التسجيلة!

رقم الطلب: N7587 .A4 A5 1996

LEADER 00778namaa2200229 4500
001 25249
003 OSt
005 20250828093436.0
008 130303s1996 fr a b 000 0 fre d
020 |a 2951035411 
040 |c ARCE Library 
050 4 |a N7587 .A4 A5 1996 
100 1 |a Antonovich, François,   |d 1934-   |e author  |9 25510 
245 1 4 |a Les métamorphoses divines d'Alexandre /   |c François Antonovich. 
264 1 |a Boulogne,   |a Paris :   |b Mouseion-éditions,   |c 1996. 
300 |a 444 pages :   |b 400 illustrations (some color) ;   |c 31 cm. 
500 |a Catalogue raisonné : pages [313]-431. 
504 |a Includes bibliographical references (p. 432-439). 
600 0 0 |a Alexander,  |c the Great,  |d 356 B.C.-323 B.C.  |v Art. 
901 |a reviewed 
942 |c BK  |2 lcc 
999 |c 21199  |d 21199